ნორმალური ფორმატი
MARC ფორმატი
ჩანაწერი Personal Name
ჩანაწერთა რაოდენობა, რომელიც გამოყენებულია: 1
001 - CONTROL NUMBER
- control field: 10054
003 - CONTROL NUMBER IDENTIFIER
- control field: GE_BSU
005 - DATE AND TIME OF LATEST TRANSACTION
- control field: 20210117235614.0
008 - FIXED-LENGTH DATA ELEMENTS
- fixed length control field: 210117|| aca||aabn | a|a d
040 ## - CATALOGING SOURCE
- Original cataloging agency: GE_BSU
- Transcribing agency: GE_BSU
100 ## - HEADING--PERSONAL NAME
- Personal name: მიქაბერიძე, მანანა
- Relator term: პროექტის დირექტორი
670 ## - SOURCE DATA FOUND
- Source citation: Work cat.: (GE_BSU)53491: უნივერსიტეტის სტრატეგიული განვითარების,დაგეგმვისა და ინსტიტუციური კვლევის ერთეული დანიშნულება და მნიშვნელობა /
